000 00510nam a2200169Ia 4500
999 _c23431
_d23431
003 OSt
005 20200520094253.0
008 190216s9999||||xx |||||||||||||| ||und||
020 _a9789675062582
040 _coclc
082 _a340.59
_bAUD/M
100 _a Auda, Jasser
_91720
245 0 _aMaqasid Al-Shariah As Philosophy Of Islamic Law /
_cJasser Auda
260 _bIslamic Book Trust,
_c2013.
_aKuala Lumpur:
300 _a348p
942 _cBK
_2ddc
_h340.59
_iAUD/M
_k340.59
_mAUD/M